00000000nam 2200000za 4500
0019.859761
003CaOODSP
00520241213092157
007cr |||||||||||
008180727s2018    onc     o    f000 0 tur d
040 |aCaOODSP|beng
043 |an-cn---
0861 |aA104-143/6-2018Tur-PDF|zA104-143/6-2018Tr-PDF
24500|a[Fact sheet - traceability] |h[electronic resource] : |b[Safe Food for Canadians Regulations].
24613|aBilgi Formu - İzlenebilirlik : |bKanadalılar için Güvenli Gıda Mevzuatı (SFCR)
24610|aİzlenebilirlik
24610|aKanadalılar için Güvenli Gıda Mevzuatı (SFCR)
250 |a[Turkish edition].
260 |a[Ottawa] : |bCanadian Food Inspection Agency, |c[2018]
300 |a[2] p.
500 |aEnglish title supplied by the publisher.
500 |aIssued also in English under title: Fact sheet - traceability: Safe Food for Canadians Regulations.
500 |3Issued also in French, Arabic, Simplified Chinese, Traditional Chinese, German, Hindi, Portuguese, Punjabi, Spanish, and Thai.
520 |aTraceability is the ability to track the movement of a food or a food commodity, one step back and one step forward. Under the Safe Food for Canadians Regulations (SFCR), new traceability requirements will apply to most food businesses that: import food; export food; distribute or send food products across provincial or territorial borders; manufacture, process, treat, preserve, grade, store, package or label food to be exported or sent across provincial or territorial borders; grow and harvest fresh fruits or vegetables to be exported or sent across provincial or territorial borders; slaughter food animals from which meat products are derived, where the meat product is exported or sent across provincial or territorial borders; store and handle edible meat products in their imported condition for inspection by the Canadian Food Inspection Agency (CFIA); sell food to consumers at retail, which would need to be traced one step back but not forward to the consumer.
546 |aText in Turkish.
69207|2gccst|aFood safety
69207|2gccst|aRegulations
69207|2gccst|aFood processing
7102 |aCanadian Food Inspection Agency.
77508|tFact sheet - traceability |w(CaOODSP)9.859727
792 |t[Fiche d'information - traçabilité] |efre|w(CaOODSP)9.859762
85640|qPDF|s234 KB|uhttps://publications.gc.ca/collections/collection_2018/acia-cfia/A104-143-6-2018-tur.pdf